000
00225nam a2200085Ia 4500
245
0
_a
VUUR VIR 'N DONKER AAND
100
_a
BERGH, Rene Kaapstad, 1984
_9
47336
942
_c
BK
008
210825s9999 xx 000 0 und d
999
_c
537143
_d
537142